008440000a22002530004500003001100000005001700011008004100028020001500069040003900084041000800123082001600131100001400147245005300161260004500214300003300259490002900292650002600321650005000347650004500397650003700442942000700479952009100486999001300577LK-CoMWRAF20231206115944.0230817t1999 ||||| |||| 00| 0 eng d a0850926017 aLK-CoMWRAFdLK-CoMWRAFeLK-CoMWRAF aeng a336.17bSEN aSen, Gita aA Quick Guide to Gender mainstreaming in finance aLondon:bCommonwealth Secretariat,c1999 a40 p.bBibliography included aGender Management System aGENDER MAINSTREAMING  aFinancial institutions-Commonwealth countries aWomen in finance- Commonwealth countries aSex discrimination in employment cBK 00104070aMAINbMAINd2023-08-17l0o336.17 SENpRAF4023r2023-08-17w2023-08-17yBK c260d260